| 000 | 00880nam a2200229 a 4500 | ||
|---|---|---|---|
| 001 | 000044153 | ||
| 003 | DO-SdBNP | ||
| 005 | 20150213141545.0 | ||
| 007 | 000044153 | ||
| 008 | 140602s2004 dr a 000 0 spa d | ||
| 040 |
_aBPMET _bspa _cBPMET |
||
| 041 | 1 | 7 |
_aspa _heng |
| 245 | 0 | 0 |
_aInterculturalidad iguales en dignidad construyamos la comunidad = _bEntékiltiralite egal nan diyite, nap konstwi kominote ya ; cuaderno de actividades para niños y niñas = keye aktivite pou tifi ak ti gason /. |
| 246 | 1 | 3 | _aEntékiltiralite egal nan diyite, nap konstwi kominote ya |
| 260 |
_aSanto Domingo : _bCentro Bonó, _c19. |
||
| 300 |
_a35 p. ; _c27 cm. |
||
| 930 | 1 |
_lBND01 _mLF1 _820140602 _f01 _pCT _g45017 |
|
| 930 | 1 |
_lBND01 _mLF1 _820140602 _f01 _pCT _g45017 _he. 2 |
|
| 942 |
_2ddc _cBK |
||
| 956 |
_aDGARCIA _b10 _c20140602 _lBND01 _h1113 |
||
| 956 |
_aVMATEO _b10 _c20140602 _lBND01 _h1314 |
||
| 999 |
_c7391 _d7391 |
||